Faith, reason, & earth history : (Record no. 13857)
[ view plain ]
| 000 -LEADER | |
|---|---|
| fixed length control field | 01868nam a22002777a 4500 |
| 003 - CONTROL NUMBER IDENTIFIER | |
| control field | AUA.1 |
| 005 - DATE AND TIME OF LATEST TRANSACTION | |
| control field | 20151109091547.0 |
| 008 - FIXED-LENGTH DATA ELEMENTS--GENERAL INFORMATION | |
| fixed length control field | 150319t xxu||||| |||| 00| 0 eng d |
| 010 ## - LIBRARY OF CONGRESS CONTROL NUMBER | |
| LC control number | 2009013897 |
| 020 ## - INTERNATIONAL STANDARD BOOK NUMBER | |
| International Standard Book Number | 9781883925635 (hardcover : alk. paper) |
| 020 ## - INTERNATIONAL STANDARD BOOK NUMBER | |
| International Standard Book Number | 1883925630 (hardcover : alk. paper) |
| 040 ## - CATALOGING SOURCE | |
| Transcribing agency | JTL |
| 050 ## - LIBRARY OF CONGRESS CALL NUMBER | |
| Classification number | BS660 |
| Item number | .B73 2009 |
| 100 ## - MAIN ENTRY--PERSONAL NAME | |
| Personal name | Brand, Leonard, |
| Dates associated with a name | 1941- |
| 9 (RLIN) | 48794 |
| 245 ## - TITLE STATEMENT | |
| Title | Faith, reason, & earth history : |
| Remainder of title | a paradigm of earth and biological origins by intelligent design / |
| Statement of responsibility, etc | Leonard Brand. |
| 246 ## - VARYING FORM OF TITLE | |
| Title proper/short title | Faith, reason, and earth history |
| 250 ## - EDITION STATEMENT | |
| Edition statement | 2nd ed. |
| 260 ## - PUBLICATION, DISTRIBUTION, ETC. (IMPRINT) | |
| Place of publication, distribution, etc | Berrien Springs, Mich. : |
| Name of publisher, distributor, etc | Andrews University Press, |
| Date of publication, distribution, etc | c2009. |
| 300 ## - PHYSICAL DESCRIPTION | |
| Extent | xii, 508 p. : |
| Other physical details | ill. ; |
| Dimensions | 25 cm. |
| 504 ## - BIBLIOGRAPHY, ETC. NOTE | |
| Bibliography, etc | Includes bibliographical references (p 473-496) and index. |
| 505 ## - FORMATTED CONTENTS NOTE | |
| Formatted contents note | Scientific investigation -- Limitations of science -- Highlights of the history of science -- Understanding science -- Naturalism and an alternative -- The relationship of faith and science -- The origin of life -- Microevolution and speciation -- Interventionist theory and biological change -- Sociobiology and altruistic behavior -- The case for megaevolution -- The case for informed intervention -- Is megaevolution possible? -- The geologic record -- Geologic time -- Short-age geology theory -- Two versions of short-age geology -- Faith, reason, and earth history. |
| 650 ## - SUBJECT ADDED ENTRY--TOPICAL TERM | |
| Topical term or geographic name as entry element | Intelligent design (Teleology) |
| General subdivision | Textbooks. |
| 9 (RLIN) | 48795 |
| 942 ## - ADDED ENTRY ELEMENTS (KOHA) | |
| Source of classification or shelving scheme | Library of Congress Classification |
| Koha item type | Books |
| Classification part | BS 660 |
| Item part | .B73 2009 |
| Withdrawn status | Lost status | Source of classification or shelving scheme | Damaged status | Not for loan | Collection code | Home library | Current library | Shelving location | Date acquired | Source of acquisition | Cost, normal purchase price | Serial Enumeration / chronology | Total Checkouts | Full call number | Barcode | Date last seen | Cost, replacement price | Price effective from | Koha item type | Date checked out | Copy number |
|---|---|---|---|---|---|---|---|---|---|---|---|---|---|---|---|---|---|---|---|---|---|
| Library of Congress Classification | Books | Judith Thomas Library | Judith Thomas Library | General Stacks | 19/03/2015 | Donation, Theological Book Network | 25.00 | AUA016950 | BS 660 .B73 2009 | AUA016950 | 19/03/2015 | 25.00 | 19/03/2015 | Books | |||||||
| Library of Congress Classification | Books | Judith Thomas Library | Judith Thomas Library | General Stacks | 19/03/2015 | Donation, Theological Book Network | 25.00 | AUA016954 | 1 | BS 660 .B73 2009 | AUA016954 | 09/04/2015 | 25.00 | 19/03/2015 | Books | 02/04/2015 | 2 |